000
00233nam a2200097Ia 4500
001
1169741
005
20251202140101.0
008
250824s9999 xx 000 0 und d
245
0
_a
KIYIDAKİ KALE
_c
LUCY STRANGE
260
_b
HEP KİTAP
999
_c
1169741
_d
1169741